Arahant Mahinda - redactor of the Buddhapujava in Sinhala Buddhism : (Record no. 90411)
[ view plain ]
| 000 -LEADER | |
|---|---|
| fixed length control field | 00552nam a22001697a 4500 |
| 005 - DATE AND TIME OF LATEST TRANSACTION | |
| control field | 20170124105512.0 |
| 008 - FIXED-LENGTH DATA ELEMENTS--GENERAL INFORMATION | |
| fixed length control field | 170124b xxu||||| |||| 00| 0 eng d |
| 020 ## - INTERNATIONAL STANDARD BOOK NUMBER | |
| International Standard Book Number | 9780986719844 |
| 040 ## - CATALOGING SOURCE | |
| Transcribing agency | PK-LaUMT |
| 082 ## - DEWEY DECIMAL CLASSIFICATION NUMBER | |
| Classification number | 294.391095493 |
| Item number | SUG-A |
| 100 ## - MAIN ENTRY--PERSONAL NAME | |
| Personal name | Sugunasiri, Suwanda H. J. |
| 245 ## - TITLE STATEMENT | |
| Title | Arahant Mahinda - redactor of the Buddhapujava in Sinhala Buddhism : |
| Remainder of title | with Pali text, translation and analysis / |
| Statement of responsibility, etc | Suwanda H. J. Sugunasiri |
| 260 ## - PUBLICATION, DISTRIBUTION, ETC. (IMPRINT) | |
| Place of publication, distribution, etc | Toronto : |
| Name of publisher, distributor, etc | Nalanda Publishing Canada, |
| Date of publication, distribution, etc | 2012 |
| 300 ## - PHYSICAL DESCRIPTION | |
| Extent | 238 p. |
| 650 ## - SUBJECT ADDED ENTRY--TOPICAL TERM | |
| Topical term or geographic name as entry element | Mahinda |
| 942 ## - ADDED ENTRY ELEMENTS (KOHA) | |
| Koha item type | Books |
| Withdrawn status | Lost status | Damaged status | Home library | Current library | Date acquired | Full call number | Barcode | Date last seen | Price effective from | Koha item type |
|---|---|---|---|---|---|---|---|---|---|---|
| UMT Main Campus | UMT Main Campus | 2017-01-24 | 294.391095493 SUG-A | 105081 | 2017-01-24 | 2017-01-24 | Books |
